LEADER 01031nam2-2200349---450- 001 990006116550203316 005 20160126123948.0 035 $a000611655 035 $aUSA01000611655 035 $a(ALEPH)000611655USA01 035 $a000611655 100 $a20160126d1961----km-y0itay50------ba 101 $alat 102 $aES 105 $a||||||||001yy 200 1 $a<<1.:>> Prima pars$fSancti Thomae aquinatis$gcura fratrum eiusdem ordinis 210 $aMatriti$cLa editorial catolica$d1961 215 $aXIX, 818 p.$d20 cm 225 2 $aBiblioteca de autores cristianos 410 0$12001$aBiblioteca de autores cristianos 461 1$1001000611652$12001$aSumma theologiae 606 0 $2BNCF 676 $a230.2 700 1$aTOMMASO : d'Aquino$c$0290144 801 0$aIT$bsalbc$gISBD 912 $a990006116550203316 951 $aXV.3. 2375/1$b211851 L.M.$cXV.3.$d00193929 959 $aBK 969 $aPAP 979 $aGIUSY$b90$c20160126$lUSA01$h1239 996 $aPrima pars$91384413 997 $aUNISA